|
|
|
|
| LEADER |
01384nam a2200337 a 4500 |
| 001 |
13927779 |
| 003 |
BD-DhAAL |
| 005 |
20230709121221.0 |
| 008 |
111210s2005 enk b 001 0deng |
| 010 |
|
|
|a 2005047356
|
| 015 |
|
|
|a GBA577699
|2 bnb
|
| 016 |
7 |
|
|a 013292384
|2 Uk
|
| 020 |
|
|
|a 1842775243 (cased)
|
| 020 |
|
|
|a 1842775251 (limp)
|
| 040 |
|
|
|a DLC
|c DLC
|d YDX
|d BAKER
|d IXA
|d LRU
|d UKM
|d DLC
|d BD-DhAAL
|
| 042 |
|
|
|a pcc
|
| 050 |
0 |
0 |
|a HD78
|b .R33 2005
|
| 082 |
0 |
0 |
|a 338.9/009
|2 22
|
| 245 |
0 |
2 |
|a A radical history of development studies :
|b individuals, institutions and ideologies /
|c Uma Kothari, editor.
|
| 246 |
3 |
0 |
|a Development studies, individuals, institutions and ideologies
|
| 260 |
|
|
|a Cape Town :
|b David Philip ;
|a London ;
|a New York :
|b Zed Books,
|c 2005.
|
| 300 |
|
|
|a viii, 232 pages ;
|c 25 cm.
|
| 504 |
|
|
|a Includes bibliographical references and index.
|
| 541 |
|
|
|e 00023982
|
| 650 |
|
0 |
|a Development economics
|x Study and teaching
|x History.
|9 54960
|
| 650 |
|
0 |
|a Economic development
|x Study and teaching
|x History.
|9 54961
|
| 700 |
1 |
|
|a Kothari, Uma.
|9 54962
|
| 852 |
1 |
|
|a BRAC Institute of Governance and Development (BIGD)
|c General Shelf.
|
| 942 |
|
|
|2 ddc
|c BK
|
| 999 |
|
|
|c 11566
|d 11566
|
| 952 |
|
|
|0 0
|1 0
|2 ddc
|4 0
|6 338_900900000000000_RAD
|7 0
|9 18816
|a BIGD
|b BIGD
|c GEN
|d 2023-07-09
|l 0
|o 338.9009 RAD
|p 3050023971
|r 2011-12-10
|t 1
|w 2011-12-10
|y BK
|x Transferred from BDI to BIGD.
|